| 000 | 00757nam a2200193Ii 4500 | ||
|---|---|---|---|
| 003 | JO-AjNU | ||
| 008 | 230605s9999||||xx |||||||||||||| ||und|| | ||
| 040 |
_aJO-AjNU _bara _erda _cJO-AjNU |
||
| 041 | _aara | ||
| 050 | 1 | 4 | _aHD30.28 2010 |
| 100 | 3 |
_aابو دولة، جمال داود......واخرون, _eauthor _944939 |
|
| 245 | 0 | 0 | _aالاداء الاستراتيجي : بحوث محكمة ومنتقاه |
| 264 | 3 | 1 | _aالقاهرة: المنظمة العربية للتنمية الادارية، 2010 |
| 300 |
_a229ص _bيحتوي على ببلوغرافية من 217-229ص |
||
| 336 |
_atext _btxt _2rdacontent |
||
| 337 |
_aunmediated _bn _2rdamedia |
||
| 338 |
_avolume _bnc _2rdacarrier |
||
| 650 | 4 |
_aالاداء الاستراتيجي _944940 |
|
| 999 |
_aA19443 _c23011 _d23011 |
||